000 01298cab a22002415a 4500
001 L152585
008 110330e20110311xxk 000 0 eng d
035 _a(Sirsi) u152585
041 0 _aeng
100 1 _aWatson, Stuart
245 0 0 _aMarkets
_bHerts, Beds, Bucks and Oxfordshire
260 _c2011
490 0 _aProperty Week
_v77(10) 11 March 2011, 59-66(4)
520 _aThe Homes and Community Agency is to hand over its land and planning powers to the local authority in Milton Keynes. Warehouse developers in the southern half of the M1 have started 2011 well with the letting of the 318 000 sq ft Celestia building in Milton Keynes. Express owner plans to create £100m media city for his Northern & Shell newspaper group on a Luton industrial site. Oxfordshire is promoting residential recovery with three major residential-led schemes in Barton, Heyford and Bicester. Henderson Global Investors claims its £105m development in Bishop's Stortford will revive local retailing.
590 _aKA
651 4 _aHertfordshire
651 4 _aBedfordshire
651 4 _aBuckinghamshire
651 4 _aOxfordshire
690 _aPROPERTY-COMMERCIAL PROPERTY-COMMERCIAL PROPERTY MARKET
690 _aPROPERTY-COMMERCIAL PROPERTY-COMMERCIAL PROPERTY FINANCE AND INVESTMENT
942 _n0
999 _c83009
_d83009